Flag Map by American States or Territory - Statistics

General Stats
  • This quiz has been taken 75 times
    44 since last reset
  • The average score is 30 of 56
Answer Stats
Picture Answer % Correct
California
100%
Illinois
100%
Florida
96%
Texas
96%
Oregon
85%
Washington
85%
New York
81%
Wisconsin
81%
Colorado
77%
Iowa
77%
Kansas
77%
Oklahoma
77%
Ohio
73%
Alabama
69%
Arkansas
69%
Maryland
69%
Tennessee
69%
Arizona
65%
Indiana
65%
New Jersey
65%
North Carolina
65%
South Carolina
65%
Michigan
62%
Utah
62%
Georgia
58%
Louisiana
58%
Nevada
58%
Virginia
58%
Massachusetts
54%
Minnesota
54%
Nebraska
54%
New Mexico
54%
Pennsylvania
54%
Missouri
50%
Idaho
46%
Kentucky
46%
Connecticut
42%
Mississippi
42%
Puerto Rico
38%
Hawaii
35%
South Dakota
35%
Alaska
31%
Montana
31%
West Virginia
31%
Guam
27%
Wyoming
27%
Maine
23%
New Hampshire
23%
Vermont
23%
Delaware
19%
District of Columbia
19%
North Dakota
19%
American Samoa
15%
Northern Mariana Islands
15%
Rhode Island
15%
US Virgin Islands
12%
No matching quizzes found
Score Distribution
Percent of People with Each Score
Percentile by Number Answered
Your Score History
You have not taken this quiz since the last reset